Theories of FDI and Economic Development - A Critical Review
Gespeichert in:
| 1. Verfasser: | |
|---|---|
| Format: | Buchkapitel |
| Sprache: | Englisch |
| Schlagworte: | |
| Tags: |
Keine Tags, Fügen Sie das erste Tag hinzu!
|
MARC
| LEADER | 00000naa$a2200000$$$4500 | ||
|---|---|---|---|
| 001 | 0203812 | ||
| 005 | 20240502083512.3 | ||
| 041 | 0 | |a eng | |
| 044 | |a US | ||
| 245 | 1 | 0 | |a Theories of FDI and Economic Development - A Critical Review |c Tomáš Dudáš |
| 610 | 2 | 0 | |a investície priame zahraničné |
| 610 | 2 | 0 | |a rozvoj hospodársky |
| 610 | 2 | 0 | |a pohyb kapitálu |
| 610 | 2 | 0 | |a styk platobný medzinárodný |
| 610 | 2 | 0 | |a teórie ekonomické |
| 610 | 2 | 0 | |a juhovýchodná Ázia |
| 100 | 1 | |a Dudáš, Tomáš, 1976- | |